| 000 | 00799nam a22002417a 4500 | ||
|---|---|---|---|
| 005 | 20170124110024.0 | ||
| 010 | _aA-371431 | ||
| 020 | _c25.00 | ||
| 035 | _aA-371431 | ||
| 037 | _bCen Lib/Ret | ||
| 040 |
_aDPL _bEN |
||
| 082 |
_a529.3 _bMAH |
||
| 100 |
_aMahalingam, N. _920227 |
||
| 245 |
_aThe calendar of the bharath-then and now / _cby N.Mahalingam,G.S.Sampath Iyengar [and] G.S.Seshagiri |
||
| 260 |
_bThe International Society for the Investigation of Ancient Civilizations _c1987 _aMadras |
||
| 270 |
_a31, Poes Garden _bMadras _e600 086 |
||
| 300 |
_a96p. : _c20(Hb) _bill. |
||
| 650 |
_aHindu astronomy. _920228 |
||
| 650 |
_aHindu calendar. _920229 |
||
| 700 |
_aIyengar, G.S.Sampath _920230 |
||
| 700 |
_aSeshagiri, G.S. _920231 |
||
| 942 |
_2ddc _cEN _h529.3 _mMAH |
||
| 999 |
_c127347 _d127347 |
||